| 000 | 00744nam a2200289Ia 4500 | ||
|---|---|---|---|
| 001 | 51780 | ||
| 005 | 20240114005239.0 | ||
| 007 | ta | ||
| 008 | 100102s2003 g b000 u 465 u | ||
| 020 | _a81-7808-976-9 | ||
| 040 | _aCotton College,Assam | ||
| 041 | _a465 | ||
| 082 |
_a910.03 _bDa 225 Hu |
||
| 100 | _aDaniels, Peter . | ||
| 245 | 0 |
_aHuman Geography / _cPeter Daniels & others. _hTextual Documents |
|
| 250 | _aIst ed / | ||
| 260 |
_aDelhi : _bPearson , _c2003. |
||
| 300 |
_a561pg ; _c15cm. |
||
| 653 | _aHuman Geography | ||
| 653 | _aPG- Geography | ||
| 700 | _aBradshaw, Michael . | ||
| 700 | _aShaw, Denis . | ||
| 700 | _aSidaway, James . | ||
| 942 |
_2ddc _cBK |
||
| 999 |
_c51744 _d51744 |
||